000 00450nam a2200145 i 4500
001 51260
003 ES-MaACL
005 20230906162326.0
007 t|
008 030812s1916 xxu ||||1| eng d
100 1 _aDabney, Charles William.
_942401
245 1 0 _aA study of educational conditions in Mexico and an appeal for an independent college /
_cCharles William Dabney.
260 _aCincinnati :
_b[s.n.],
_c1916.
852 _aES-MaACL
_j1561-F-1
999 _c51260
_d51260